000
00325nam a22001457a 4500
003
SGT
082
_a
611
_b
I16S
100
_a
SESHAYYAN, SUDHA
245
_a
INDERBIR SINGH'S TEXT BOOK OF ANATOMY
250
_a
6TH
260
_a
DELHI
_b
JAYPEE PUB
_c
2016
300
_a
463,377,533
650
_a
HOMOEOPATHIC
942
_2
ddc
_c
BK
999
_c
18281
_d
18281